• 首页
  • 本馆介绍
  • 公告通知
  • 最新文献
  • 馆藏检索
  • 电子资源
  • 读者导购
  • 参考咨询
  • 我的图书馆
  • 登录
  • 详细信息显示
  • 放入我的书架
  • 预约/预借图书
  • 作者相关作品
  • 分类相关作品
  • 丛书相关作品
  • 出版社相关作品

书目信息

  • 表格格式
  • 工作单格式
  • 卡片格式
题名:
文学的命脉
    
 
作者: 王兆胜 著
分册:  
出版信息: 上海   华东师范大学出版社  2005
页数: 300页
开本: 21cm
丛书名:
单 册:
中图分类: I206.7-53
科图分类:
主题词: 文学研究--中国--文集 , 文学研究
电子资源:
ISBN: 7-5617-4364-5
000 00720nam0 2200229 450
001 003033512
005 20061203161026.03
010    @a7-5617-4364-5@dCNY19.80
100    @a20050919d2005 em y0chiy0110 ea
101 0  @achi
102    @aCN@b310000
105    @ay z 000yy
200 1  @a文学的命脉@9wen xue de ming mai@f王兆胜著
210    @a上海@c华东师范大学出版社@d2005
215    @a300页@d21cm
330    @a本书收录《文学·人生·天地自然》、《<红楼梦>与20世纪中国文学》、《20世纪中国自由主义文学论》等共19篇文章。
606 0  @a文学研究@y中国@j文集
606 0  @a文学研究
690    @aI206.7-53@v4
701  0 @a王兆胜@9wang zhao sheng@f(1963~)@4著
801  0 @aCN@bNLC@c20061203
905    @a10447@dI206.7-53@e199
    
    文学的命脉/王兆胜著.-上海:华东师范大学出版社,2005
    300页;21cm
    
    
    ISBN 7-5617-4364-5:CNY19.80
    本书收录《文学·人生·天地自然》、《<红楼梦>与20世纪中国文学》、《20世纪中国自由主义文学论》等共19篇文章。
●
相关链接 在E读中查询图书 在五车中查询图书 在当当中查询图书 在豆瓣中查询图书


正题名:文学的命脉     索取号:I206.7-53/199         预约/预借

序号 登录号 条形码 馆藏地/架位号 状态 备注
1 0382861   203828616   第一样本阅览室/ [索取号:I206.7-53/199] 在馆    
2 0382862   203828625   第二借阅区/ [索取号:I206.7-53/199] 在馆    
3 0382863   203828634   第二借阅区/ [索取号:I206.7-53/199] 在馆    
4 0382864   203828643   第二借阅区/ [索取号:I206.7-53/199] 在馆    
5 0382865   203828652   第二借阅区/ [索取号:I206.7-53/199] 在馆    
6 0608795   206087955   第二借阅区/ [索取号:I206.7-53/199] 在馆    
7 0608796   206087964   第二借阅区/ [索取号:I206.7-53/199] 在馆    
8 0608797   206087973   第二借阅区/ [索取号:I206.7-53/199] 在馆    
9 0608798   206087982   第二借阅区/ [索取号:I206.7-53/199] 在馆    
10 0608799   206087991   第二借阅区/ [索取号:I206.7-53/199] 在馆    
11 0608800   206088008   第二借阅区/ [索取号:I206.7-53/199] 在馆    
12 0608801   206088017   第二借阅区/ [索取号:I206.7-53/199] 在馆    
13 0608802   206088026   第二借阅区/ [索取号:I206.7-53/199] 在馆    
唐山师范学院图书馆 欢迎您!
大连网信软件有限公司© 版权所有